Statistics for Top 15 Celebrities Born in 1940

Click here to take the quiz!

General Stats

  • This quiz has been taken 110 times
  • The average score is 7 of 15

Answer Stats

Answer% Correct
John Lennon
84%
Al Pacino
78%
Ringo Starr
78%
Patrick Stewart
66%
Chuck Norris
62%
Nancy Pelosi
59%
Martin Sheen
48%
Tom Jones
37%
Dionne Warwick
35%
Alex Trebek
29%
Bruce Lee
27%
Nancy Sinatra
26%
Ricky Nelson
19%
Raul Julia
12%
George A. Romero
6%

Score Distribution

Percentile by Number Answered

Percent of People with Each Score

Your Score History

You have not taken this quiz